00170nam a2200073Ia 4500008004100000100002200041245001900063260001400082190216s9999||||xx |||||||||||||| ||und|| aKrishna Swamy. Nr 0aJawahar Jyothi bIup Books